000 00953nam a2200205Ii 4500
003 JO-AjNU
008 230605s9999||||xx |||||||||||||| ||und||
017 _a900/1985
040 _aJO-AjNU
_bara
_erda
_cJO-AjNU
041 _aara
050 1 4 _aHA29.1983
100 3 _aناصر، حسن لعبيي/سناء فيصل رحمة الله,
_eauthor
_937394
245 0 0 _aالاحصاء لطلاب العلوم والتكنولوجيا=Statsitics for Students of Science and Technology
264 3 1 _aبغداد:وزارة التعليم العالي والبحث العلمي الجامعة التكنولوجية،1983
300 _a152ص
_bملحق رقم(1)الجداول الاحصائية،ملحق رقم(2) قائمة بالمصطلحات المستخدمة
336 _atext
_btxt
_2rdacontent
337 _aunmediated
_bn
_2rdamedia
338 _avolume
_bnc
_2rdacarrier
650 4 _aاحصاء-علوم تكنولوجية تطبيقية
_937395
999 _aA15620
_c19188
_d19188